[Event "Florianopolis op 8th"]
[Site "Florianopolis"]
[Date "2022.01.26"]
[Round "4"]
[White "De Albuquelque, Gabriel Tenorio"]
[Black "Cuco, Gustavo Henrique"]
[Result "1-0"]
[WhiteElo "1634"]
[BlackElo "1251"]
[PlyCount "53"]
[EventDate "2022.01.24"]
[EventType "swiss"]
[EventRounds "10"]
[EventCountry "BRA"]
[SourceTitle "CBM 206 Extra"]
[Source "ChessBase"]
[SourceDate "2022.03.31"]
[SourceVersion "1"]
[SourceVersionDate "2022.03.31"]
[SourceQuality "1"]

1. d4 f5 2. Bf4 Nf6 3. Nf3 e6 4. e3 d5 5. Nbd2 c6 6. Ne5 Bd6 7. Ndf3 0-0 8. h3 Ne4 9. Be2 Qe8 10. 0-0 b6 11. c4 Ba6 12. cxd5 Bxe2 13. Qxe2 exd5 14. Rfd1 Qh5 15. Nd3 g5 16. Bxd6 Nxd6 17. Re1 Nd7 18. Nb4 c5 19. Nxd5 cxd4 20. Nxd4 Qxe2 21. Rxe2 Rac8 22. Ne7+ Kf7 23. Nxc8 Rxc8 24. Rc2 Rxc2 25. Nxc2 Ne4 26. Rd1 Ke6 27. Nd4+ 1-0

[Event "Sao Jose dos Campos op 3rd"]
[Site "Sao Jose dos Campos"]
[Date "2021.08.21"]
[Round "1"]
[White "De Albuquelque, Gabriel Tenorio"]
[Black "Silva, Kaua Marques"]
[Result "0-1"]
[WhiteElo "1587"]
[BlackElo "2075"]
[PlyCount "68"]
[EventDate "2021.08.21"]
[EventType "swiss"]
[EventRounds "5"]
[EventCountry "BRA"]
[SourceTitle "CBM 204 Extra"]
[Source "ChessBase"]
[SourceDate "2021.11.30"]
[SourceVersion "1"]
[SourceVersionDate "2021.11.30"]
[SourceQuality "1"]

1. d4 f5 2. Bf4 Nf6 3. Nf3 d6 4. e3 h6 5. h3 g6 6. c3 Bg7 7. Qb3 e6 8. Nbd2 0-0 9. Bc4 Qe7 10. Nh4 Kh7 11. Bg3 Nc6 12. Bd3 e5 13. dxe5 dxe5 14. f3 Nd7 15. e4 Nc5 16. Qc2 f4 17. Bf2 Bf6 18. Bxc5 Qxc5 19. g3 fxg3 20. Nb3 Qf2+ 21. Qxf2 gxf2+ 22. Kxf2 Bxh4+ 23. Ke2 Nd8 24. Rad1 Ne6 25. Bc4 Nf4+ 26. Ke3 Bg5 27. h4 Bxh4 28. Rdg1 Be7 29. Rg3 Be6 30. Bxe6 Nxe6 31. Rgh3 h5 32. Rg3 a5 33. Nc1 Rad8 34. Nd3 Nf4 0-1

[Event "Sao Paulo Schutt Cup"]
[Site "Sao Paulo"]
[Date "2019.09.13"]
[Round "2"]
[White "Bokhonok, Tatiana dos Santos"]
[Black "De Albuquelque, Gabriel Tenorio"]
[Result "0-1"]
[WhiteElo "1753"]
[BlackElo "1593"]
[PlyCount "64"]
[EventDate "2019.09.13"]
[EventType "swiss"]
[EventRounds "6"]
[EventCountry "BRA"]
[SourceTitle "EXT 2020"]
[Source "ChessBase"]
[SourceDate "2019.10.17"]
[SourceVersion "1"]
[SourceVersionDate "2019.10.17"]
[SourceQuality "1"]

1. d4 d5 2. Nf3 Nf6 3. Bf4 Bf5 4. e3 e6 5. Bd3 Ne4 6. Nbd2 Nd7 7. 0-0 Ndf6 8. c4 c6 9. Ne5 Bd6 10. Ndf3 h5 11. c5 Bc7 12. Qa4 0-0 13. h3 Nd7 14. Nxd7 Qxd7 15. Bxc7 Qxc7 16. Bxe4 Bxe4 17. Ne5 f6 18. f3 Bh7 19. f4 fxe5 20. fxe5 b6 21. cxb6 axb6 22. Qb3 c5 23. Rfc1 c4 24. a3 Be4 25. Qb4 Rf5 26. Rf1 Raf8 27. Rxf5 Rxf5 28. g4 hxg4 29. hxg4 Rg5 30. Rf1 Rxg4+ 31. Kh2 Qd8 32. Rf4 Qh4# 0-1

[Event "Sao Paulo Karman Cup"]
[Site "Sao Paulo"]
[Date "2018.08.12"]
[Round "6"]
[White "Hoshino, Meilin"]
[Black "De Albuquelque, Gabriel Tenorio"]
[Result "0-1"]
[WhiteElo "1557"]
[BlackElo "1609"]
[PlyCount "66"]
[EventDate "2018.08.10"]
[EventType "swiss"]
[EventRounds "6"]
[EventCountry "BRA"]
[SourceTitle "CBM 186 Extra"]
[Source "ChessBase"]
[SourceDate "2018.08.24"]
[SourceVersion "1"]
[SourceVersionDate "2018.08.24"]
[SourceQuality "1"]

1. d4 d5 2. c4 c6 3. e3 Bf5 4. cxd5 cxd5 5. Qb3 Qd7 6. Bb5 Nc6 7. Nf3 f6 8. Nc3 e6 9. 0-0 Bd6 10. Re1 Nge7 11. e4 dxe4 12. Nxe4 0-0 13. Nc3 a6 14. Bc4 Nd8 15. Nh4 Kh8 16. Ne4 Nec6 17. d5 Nd4 18. dxe6 Bxe6 19. Bxe6 N8xe6 20. Qd3 Rad8 21. Rd1 Qc7 22. Nxd6 Qxd6 23. Bd2 Nc5 24. Qh3 Rfe8 25. Nf3 Ne2+ 26. Kf1 Qd3 27. Qg4 Ne4 28. Bb4 Qc4 29. Rxd8 Rxd8 30. Qh3 Nf4+ 31. Kg1 Nxh3+ 32. gxh3 Qxb4 33. b3 Qc3 0-1

[Event "Hebraica op 25th"]
[Site "Hebraica"]
[Date "2018.01.14"]
[Round "6"]
[White "De Albuquelque, Gabriel Tenorio"]
[Black "Pontes, Ailton"]
[Result "0-1"]
[WhiteElo "1587"]
[BlackElo "1959"]
[PlyCount "66"]
[EventDate "2018.01.12"]
[EventType "swiss"]
[EventRounds "6"]
[EventCountry "BRA"]
[SourceTitle "CBM 182 Extra"]
[Source "ChessBase"]
[SourceDate "2018.02.23"]
[SourceVersion "1"]
[SourceVersionDate "2018.02.23"]
[SourceQuality "1"]

1. d4 d5 2. Bf4 Nf6 3. Nf3 c5 4. c3 Nc6 5. e3 e6 6. Nbd2 Be7 7. Qc2 Bd7 8. Bd3 Rc8 9. h3 h6 10. 0-0 Nh5 11. Bh2 cxd4 12. exd4 g5 13. Nb3 0-0 14. Qe2 Ng7 15. Rac1 Qb6 16. Bb1 a5 17. Be5 a4 18. Bxg7 Kxg7 19. Ne5 Nxe5 20. dxe5 axb3 21. Qd3 Rh8 22. axb3 Bb5 23. c4 dxc4 24. Qg3 Rhd8 25. Kh1 c3 26. f4 Bxf1 27. fxg5 hxg5 28. bxc3 Bxg2+ 29. Qxg2 Rxc3 30. Be4 Qxb3 31. Rb1 Rxh3+ 32. Kg1 Bc5+ 33. Kf1 Rd1+ 0-1

[Event "Mogi das Cruzes op 08"]
[Site "Mogi das Cruzes"]
[Date "2013.08.18"]
[Round "5"]
[White "De Albuquelque, Gabriel Tenorio"]
[Black "Francelli, Derli"]
[Result "1-0"]
[WhiteElo "1800"]
[BlackElo "1660"]
[PlyCount "147"]
[EventDate "2013.08.16"]
[EventType "swiss"]
[EventRounds "6"]
[EventCountry "BRA"]
[SourceTitle "CBM 155 Extra"]
[Source "ChessBase"]
[SourceDate "2013.08.26"]
[SourceVersion "1"]
[SourceVersionDate "2013.08.26"]
[SourceQuality "1"]

1. d4 d5 2. Bf4 e6 3. e3 Nf6 4. Nd2 Be7 5. Bd3 Nbd7 6. h3 c5 7. c3 0-0 8. Ngf3 Re8 9. Ne5 Nf8 10. 0-0 a6 11. Re1 cxd4 12. exd4 N6d7 13. Qh5 Nxe5 14. dxe5 g6 15. Qh6 Nd7 16. Re3 Bf8 17. Qg5 Qxg5 18. Bxg5 Bc5 19. Re2 b5 20. b4 Bb6 21. Nb3 Bd8 22. Bf4 Bb7 23. Bg3 Rc8 24. Rc2 Bb6 25. Rac1 f6 26. exf6 Nxf6 27. Nd4 e5 28. Nb3 e4 29. Be2 Kg7 30. Nd4 Bxd4 31. cxd4 Rxc2 32. Rxc2 Rc8 33. Rxc8 Bxc8 34. Be5 Kf7 35. f3 exf3 36. Bxf3 Be6 37. a3 Ne4 38. Bxe4 dxe4 39. Kf2 Bd5 40. Ke3 Ke6 41. g4 h5 42. Kf4 hxg4 43. hxg4 Kf7 44. Kg5 Be6 45. Bg3 Bd5 46. Bh4 Be6 47. Kf4 Bd5 48. Ke5 Bb7 49. Kd6 e3 50. d5 Ke8 51. g5 e2 52. Kc5 Kd7 53. Bg3 Kd8 54. Kb6 Kc8 55. Kc5 Kd7 56. d6 Kd8 57. Bf2 Bc8 58. Kd5 Bb7+ 59. Ke5 Bc6 60. Bg3 Ke8 61. Kf6 Be4 62. Ke5 Bf5 63. Kd4 Kd7 64. Kc5 Kd8 65. Kb6 Bc8 66. Kc6 Bd7+ 67. Kb6 Bc8 68. Ka7 Kd7 69. Kb8 Kd8 70. Bf2 Kd7 71. Bg3 Kd8 72. Bf2 Bf5 73. Kb7 Bc8+ 74. Kb8 1-0

[Event "Mogi das Cruzes op 08"]
[Site "Mogi das Cruzes"]
[Date "2013.08.18"]
[Round "6"]
[White "Hoshino, Karen M"]
[Black "De Albuquelque, Gabriel Tenorio"]
[Result "1/2-1/2"]
[WhiteElo "1649"]
[BlackElo "1800"]
[PlyCount "104"]
[EventDate "2013.08.16"]
[EventType "swiss"]
[EventRounds "6"]
[EventCountry "BRA"]
[SourceTitle "CBM 155 Extra"]
[Source "ChessBase"]
[SourceDate "2013.08.26"]
[SourceVersion "1"]
[SourceVersionDate "2013.08.26"]
[SourceQuality "1"]

1. d4 d5 2. c4 c6 3. cxd5 cxd5 4. Nf3 Nc6 5. Nc3 Nf6 6. Bf4 e6 7. e3 Bb4 8. Bd3 Ne4 9. Bxe4 dxe4 10. Ne5 Qb6 11. 0-0 Bxc3 12. bxc3 0-0 13. c4 Nxe5 14. Bxe5 f6 15. c5 Qc6 16. Bd6 Rd8 17. Qb3 b6 18. Rfc1 bxc5 19. Bxc5 Qd5 20. Qxd5 exd5 21. Rab1 Rd7 22. Kf1 Ba6+ 23. Ke1 Bc4 24. a3 Rc8 25. Rb4 Bd3 26. Rc3 Rc6 27. Rcb3 Ba6 28. Rb2 Kf7 29. Kd2 Kg6 30. Ke1 Kg5 31. Rb1 Kh5 32. R1b2 h6 33. Rb1 g5 34. R1b2 f5 35. Rb8 Rcc7 36. Rf8 Rf7 37. Rxf7 Rxf7 38. Rb8 Rb7 39. Rxb7 Bxb7 40. Bxa7 Ba6 41. Bb8 Kg6 42. Be5 h5 43. f4 g4 44. g3 Kf7 45. Kd2 Ke7 46. Kc3 Kd7 47. Kb4 Kc6 48. a4 Bc4 49. Bf6 Bd3 50. a5 Bb5 51. Bd8 Bd3 52. Bb6 Bb5 1/2-1/2

[Event "Mogi das Cruzes op 08"]
[Site "Mogi das Cruzes"]
[Date "2013.08.17"]
[Round "4"]
[White "Dutra, Liliam Guedes"]
[Black "De Albuquelque, Gabriel Tenorio"]
[Result "1/2-1/2"]
[WhiteElo "1674"]
[BlackElo "1800"]
[PlyCount "39"]
[EventDate "2013.08.16"]
[EventType "swiss"]
[EventRounds "6"]
[EventCountry "BRA"]
[SourceTitle "CBM 155 Extra"]
[Source "ChessBase"]
[SourceDate "2013.08.26"]
[SourceVersion "1"]
[SourceVersionDate "2013.08.26"]
[SourceQuality "1"]

1. d4 d5 2. c4 c6 3. Nc3 Nf6 4. Bf4 Bf5 5. Nf3 e6 6. e3 Qb6 7. Qb3 Qxb3 8. axb3 Bb4 9. Nd2 Ne4 10. Ndxe4 Bxe4 11. c5 Bc2 12. Be2 Bxb3 13. Bd6 Bc2 14. Kd2 Bg6 15. Kc1 a6 16. Na2 Ba5 17. b4 Bd8 18. Nc3 Be7 19. Na4 Bxd6 20. Nb6 1/2-1/2

[Event "Mogi das Cruzes op 08"]
[Site "Mogi das Cruzes"]
[Date "2013.08.16"]
[Round "2"]
[White "Nikolic, Jovane"]
[Black "De Albuquelque, Gabriel Tenorio"]
[Result "1-0"]
[WhiteElo "1713"]
[BlackElo "1800"]
[PlyCount "53"]
[EventDate "2013.08.16"]
[EventType "swiss"]
[EventRounds "6"]
[EventCountry "BRA"]
[SourceTitle "CBM 155 Extra"]
[Source "ChessBase"]
[SourceDate "2013.08.26"]
[SourceVersion "1"]
[SourceVersionDate "2013.08.26"]
[SourceQuality "1"]

1. b4 e5 2. b5 b6 3. Bb2 d6 4. e3 Nd7 5. c4 a6 6. a4 Bb7 7. Nc3 Ngf6 8. Nf3 Qe7 9. Be2 g6 10. 0-0 Bg7 11. Qc2 0-0 12. d4 exd4 13. Nxd4 Ne5 14. e4 Rfe8 15. Nd5 Nxd5 16. cxd5 Bc8 17. Rac1 Ra7 18. f4 Ng4 19. Bxg4 Bxd4+ 20. Bxd4 Bxg4 21. Rfe1 axb5 22. axb5 Qd8 23. Qc3 Qh4 24. g3 Qh6 25. e5 dxe5 26. Bxe5 Qf8 27. Qc6 1-0